| 000 | 00544nam a2200181Ia 4500 | ||
|---|---|---|---|
| 999 |
_c964 _d964 |
||
| 020 | _a0-85496-229-8 | ||
| 082 | _aRR 323.03 SOC-; | ||
| 245 | 0 | _aWorld directory of human rights teaching and research institutions | |
| 260 |
_aParis _bUnesco _c1988 |
||
| 300 | _axxiv, 216p. | ||
| 504 | _aref | ||
| 650 | _aHuman rights - Study and teaching | ||
| 650 | _aResearch institutes - Directories | ||
| 650 | _aTeaching - Directories | ||
| 650 | _aHuman rights - Directories | ||
| 710 | _aSocial and Human Sciences Documentation Centre | ||
| 942 | _cBK | ||